000 00432nam a2200169Ia 4500
003 GCL
008 140319s9999 xx 000 0 eng d
040 _aGCL /
_cGCL
082 0 4 _a953
_bH I
100 1 _aHUMPHREYS, STEPHEN
245 1 0 _aISLAMIC HISTORY /
_cHUMPHREYS, STEPHEN
260 _a[S.N] :
_bPRINCETON UNIVERSITY PRESS ،
_c1991
300 _a401 P
650 0 4 _aISLAM - HISTORY
650 0 4 _aHISTORY
942 _2ddc
_cBK
999 _c24511
_d24511